Prenomes Mais Comuns do Brasil - Statistics

Estatísticas Gerais
  • Esse quiz foi jogado 22 299 vezes
  • A pontuação média é 12 de 20
Estatísticas das Respostas
# Sexo Letra Nome % Correto
11.734.129 F M Maria
99%
2.984.119 M J Joao
98%
3.089.858 F A Ana
85%
1.219.605 M P Pedro
85%
1.423.262 M P Paulo
79%
5.754.529 M J Jose
77%
932.449 M G Gabriel
71%
1.127.310 M L Lucas
71%
1.489.191 M C Carlos
70%
668.217 M B Bruno
58%
1.106.165 M M Marcos
56%
935.905 M L Luis
55%
2.576.348 M A Antonio
50%
632.664 M E Eduardo
48%
711.338 M D Daniel
45%
1.107.792 M L Luiz
42%
821.638 M R Rafael
40%
1.772.197 M F Francisco
37%
693.215 M M Marcelo
23%
725.642 F F Francisca
21%
Nenhum quiz correspondente encontrado
Distribuição das Pontuações
Porcentagem de Pessoas com Cada Pontuação
Percentil de Números Respondidos
Sua Pontuação Histórica
Você não jogou esse quiz